Score 0/24 Timer 03:00
1 Play Today
Hint Answer % Correct
door
99.7%
devil
99.3%
doctor
99%
dozen doughnuts
98.9%
dice
98.8%
dance
98.7%
diamond
98.7%
doe
98.5%
drum
97.6%
drip
97.5%
dinosaurs
97.2%
dart
97.1%
Hint Answer % Correct
dress
96.3%
doll
95.8%
dots
95.8%
dent
95.5%
dime
93.8%
dam
91.9%
daisy
90.3%
dairy
90%
duckling
89.8%
dock
86.4%
dawn
83%
danish
82.1%
Remove Ads.
Support Sporcle.
Get the best of Sporcle when you Go Orange. This ad-free experience offers more features, more stats, and more fun while also helping to support Sporcle. Thank you for becoming a member.

You're not logged in!

Compare scores with friends on all Sporcle quizzes.
OR
Log In

Show Comments

Extras

Top Quizzes Today


Score Distribution

Your Account Isn't Verified!

In order to create a playlist on Sporcle, you need to verify the email address you used during registration. Go to your Sporcle Settings to finish the process.

Report this User

Report this user for behavior that violates our Community Guidelines.

Details: